Multiple Choice City Quiz – Portland - Statistics

General Stats
  • This quiz has been taken 8,393 times
    8,378 since last reset
  • The average score is 7 of 10
Answer Stats
Question Answer % Correct
Portland, Oregon was named after the Portland in which state? Maine
86%
What was created by Portland native Matt Groening? The Simpsons
85%
What is the name of Portland's NBA team? Portland Trail Blazers
83%
What company is based in the suburb of Beaverton? Nike
68%
What 1963 song by the Kingsmen is famous for its incomprehensible lyrics? Louie Louie
64%
What was Portland's major industry before WWII? Timber
64%
Portland lies at the confluence of what two rivers? Columbia and Willamette
62%
What giant volcano is visible from Portland? Mount Hood
49%
What is Portland known as? The Rose City
46%
Among all U.S. cities, Portland ... Had the most consecutive nights of George Floyd protests
45%
No matching quizzes found
Score Distribution
Percent of People with Each Score
Percentile by Number Answered
Your Score History
You have not taken this quiz since the last reset